000 01116nam a22002537a 4500
001 3836
003 FISKH
005 20250528145304.0
008 240516b cb ||||| |||| 00| 0 eng d
040 _aFISKH
_bkhr
_cFISKH
_dFISKH
050 _aPZ7
082 _a398.209596
100 _aKhat, Pang
245 _aស្រីហិតោបរទេស :
_bការគាប់មិត្រ ការបំបែកមិត្រ /
_cភិក្ខុ ប៉ាង ខាត់ វីរិយបណ្ឌិតោ ជាអ្នកបកប្រែចេញពីភាសាសំស្ក្រឹត
260 _aភ្នំពេញ :
_bក្រសួងអប់រំ យុវជន និងកីឡា,
_c1954.
300 _a138 pages :
_c20 cm
490 _vភាគ ១ & 2
520 _aជាការដំណាលរឿងតគ្នាជាប់ដោយមិនចេះដាច់ ។
520 _aIt is a continuous story that is inseparable.
650 _aការនិទានរឿង
650 _aA Story Teller
942 _2ddc
_cKHB
_n0
999 _c3836
_d3836